000 00698nam a2200253Ia 4500
003 OSt
005 20221005121531.0
006 a|||||r|||| 00| 0
007 ta
008 221004b |||||||| |||| 00| 0 eng d
024 _a42187
037 _cTextual
040 _aCRL
_cCRL
_beng
041 _2eng
_aeng
082 _aO122v53:N5, 122K3.2
100 _aSimon Pierre-Henri
_9630734
245 0 _aHistoire de la literature Francaise au XXe siecle 1900-1950
250 _a8th
260 _c1963
490 _aCollectionArmand Colin; 314
650 _aENGLISH LITERATURE
942 _hO122v53:N5, 122K3.2
_cTEXL
_2cc
999 _c1041441
_d1041441